[Event "Sabaneta op-B 2nd"]
[Site "Sabaneta Antioquia"]
[Date "2023.07.02"]
[Round "7"]
[White "Gonzalez Zapata, Julian David"]
[Black "Robledo, Andres Mauricio"]
[Result "1/2-1/2"]
[WhiteElo "1767"]
[BlackElo "1930"]
[PlyCount "117"]
[EventDate "2023.06.28"]
[EventType "swiss"]
[EventRounds "9"]
[EventCountry "COL"]
[SourceTitle "EXT 2024"]
[Source "ChessBase"]
[SourceDate "2023.10.10"]
[SourceVersion "1"]
[SourceVersionDate "2023.10.10"]
[SourceQuality "1"]

1. e4 Nf6 2. e5 Nd5 3. d4 d6 4. Nf3 g6 5. Bc4 c6 6. exd6 Qxd6 7. 0-0 Bg4 8. h3 Bxf3 9. Qxf3 Bg7 10. c3 0-0 11. Nd2 e6 12. a4 a5 13. Re1 Nd7 14. Ne4 Qc7 15. h4 e5 16. h5 exd4 17. cxd4 Bxd4 18. Qh3 N7b6 19. Bb3 Rfe8 20. hxg6 hxg6 21. Bd2 Qe5 22. Bg5 Qh8 23. Qf3 Bxb2 24. Rab1 Be5 25. g3 Rab8 26. Ba2 Qh5 27. Qb3 Nd7 28. Kg2 Qg4 29. f3 Qf5 30. Rbd1 N7f6 31. g4 Nxg4 32. fxg4 Qxg4+ 33. Kf2 Bg7 34. Rxd5 cxd5 35. Qxd5 Qf5+ 36. Qxf5 gxf5 37. Nd6 Bd4+ 38. Kf1 Rxe1+ 39. Kxe1 Bc3+ 40. Kf2 Kg7 41. Bf4 Rh8 42. Bxf7 Kf6 43. Bc4 Bd4+ 44. Kg3 b6 45. Bd3 Rg8+ 46. Kf3 Be5 47. Nxf5 Rd8 48. Be4 b5 49. axb5 a4 50. Bc1 Rc8 51. Bc6 Rxc6 52. bxc6 Kxf5 53. Ba3 Bc7 54. Ke3 Ke5 55. Kd3 Kd5 56. Kc3 Kxc6 57. Kb4 Bd6+ 58. Kxa4 Bxa3 59. Kxa3 1/2-1/2

[Event "Sabaneta op-B 2nd"]
[Site "Sabaneta Antioquia"]
[Date "2023.06.30"]
[Round "5"]
[White "Quitian Gallego, Felipe"]
[Black "Robledo, Andres Mauricio"]
[Result "0-1"]
[WhiteElo "1650"]
[BlackElo "1930"]
[PlyCount "134"]
[EventDate "2023.06.28"]
[EventType "swiss"]
[EventRounds "9"]
[EventCountry "COL"]
[SourceTitle "EXT 2024"]
[Source "ChessBase"]
[SourceDate "2023.10.10"]
[SourceVersion "1"]
[SourceVersionDate "2023.10.10"]
[SourceQuality "1"]

1. c4 c6 2. g3 e6 3. e4 d5 4. exd5 exd5 5. cxd5 Qxd5 6. Nf3 Bg4 7. Qe2+ Qe6 8. Qxe6+ Bxe6 9. Bg2 Nd7 10. Nc3 Ngf6 11. 0-0 0-0-0 12. Ng5 Nc5 13. Nxe6 fxe6 14. d4 Rxd4 15. Be3 Rd8 16. Rfd1 e5 17. Rxd8+ Kxd8 18. b4 Ncd7 19. b5 cxb5 20. Nxb5 a6 21. Nc3 b5 22. Rd1 Kc7 23. Ne4 Nxe4 24. Bxe4 Nc5 25. Bxc5 Bxc5 26. Kf1 Rf8 27. f3 g5 28. g4 h6 29. Ke2 Rf6 30. Rd5 Bd4 31. h3 Rf8 32. Kd1 Rh8 33. Bf5 Rd8 34. Rxd8 Kxd8 35. Kc2 Kc7 36. Kb3 Kb6 37. a4 bxa4+ 38. Kxa4 a5 39. Bd3 Bf2 40. Be4 Be1 41. Kb3 Kc5 42. Kc2 Kd4 43. Kd1 Bb4 44. Ke2 a4 45. Bg6 a3 46. Bf7 Bc3 47. Be6 Bb2 48. Ba2 Bc1 49. Kd1 Bf4 50. Kc2 Ke3 51. Bd5 Kf2 52. Kb3 Bc1 53. Kc2 Bb2 54. Kd3 Kg3 55. Ke2 Kxh3 56. Bf7 Kg3 57. Be6 Kf4 58. Bf7 e4 59. fxe4 Kxg4 60. Bc4 h5 61. Kf2 Kf4 62. Kg2 g4 63. Kf1 Be5 64. Kg2 Ke3 65. Kh1 h4 66. Kg2 h3+ 67. Kh1 g3 0-1

[Event "Medellin Easter op 10th"]
[Site "Medellin"]
[Date "2022.04.16"]
[Round "6"]
[White "Giraldo, Emanuel"]
[Black "Robledo, Andres Mauricio"]
[Result "1-0"]
[WhiteElo "1689"]
[BlackElo "1932"]
[PlyCount "135"]
[EventDate "2022.04.13"]
[EventType "swiss"]
[EventRounds "8"]
[EventCountry "COL"]
[SourceTitle "CBM 207 Extra"]
[Source "ChessBase"]
[SourceDate "2022.05.31"]
[SourceVersion "1"]
[SourceVersionDate "2022.05.31"]
[SourceQuality "1"]

1. e4 Nf6 2. e5 Nd5 3. c4 Nb6 4. d4 d6 5. exd6 exd6 6. Nc3 Be7 7. Bd3 0-0 8. Nge2 Bf6 9. 0-0 d5 10. c5 Nc4 11. Bxc4 dxc4 12. Qa4 Bxd4 13. Rd1 Bd7 14. Qxc4 Bxc3 15. Nxc3 Be6 16. Qe4 Qc8 17. Bf4 Nd7 18. c6 bxc6 19. Qxc6 Rb8 20. b3 Rb6 21. Qf3 c5 22. Ne4 Qc6 23. Rd6 Qb7 24. Rad1 Rxd6 25. Bxd6 Bd5 26. Rxd5 Qxd5 27. Bxf8 Kxf8 28. h3 c4 29. bxc4 Qxc4 30. Qa3+ Kg8 31. Qxa7 Qxe4 32. Qxd7 Qe1+ 33. Kh2 h6 34. Qd4 Qa5 35. a4 h5 36. g3 g5 37. h4 gxh4 38. Qxh4 Kg7 39. Qd4+ Kg6 40. Qe4+ Kg7 41. Qc6 h4 42. gxh4 Qe5+ 43. Kg2 Qd4 44. Kg3 Qe5+ 45. f4 Qe1+ 46. Kg4 Qd1+ 47. Kh3 Qd3+ 48. Kh2 Qe3 49. Qg2+ Kf8 50. Qf1 Qd2+ 51. Kh3 Qd7+ 52. Kg3 Qxa4 53. Kg4 Qd7+ 54. f5 f6 55. Qf4 Qd1+ 56. Qf3 Qa4+ 57. Kh5 Qd7 58. Qa8+ Kg7 59. Qe4 Qf7+ 60. Kg4 Qa7 61. Qd5 Qe7 62. Qg2 Kf8 63. h5 Qb4+ 64. Kh3 Qc3+ 65. Qg3 Qb4 66. h6 Qb5 67. Qd6+ Kg8 68. Qe6+ 1-0

[Event "Medellin Antioquia 2nd League"]
[Site "Medellin"]
[Date "2021.??.??"]
[Round "1"]
[White "Ortiz Lopera, Miguel Angel"]
[Black "Robledo, Andres Mauricio"]
[Result "1-0"]
[WhiteElo "1462"]
[BlackElo "1979"]
[PlyCount "63"]
[EventDate "2021.08.31"]
[EventType "swiss"]
[EventRounds "7"]
[EventCountry "COL"]
[SourceTitle "CBM 204 Extra"]
[Source "ChessBase"]
[SourceDate "2021.11.30"]
[SourceVersion "1"]
[SourceVersionDate "2021.11.30"]
[SourceQuality "1"]

1. e4 Nf6 2. Nc3 d5 3. exd5 Nxd5 4. d4 Nxc3 5. bxc3 g6 6. Nf3 Bg7 7. Bc4 0-0 8. Rb1 c5 9. Ba3 Qa5 10. Bxc5 Qxc3+ 11. Nd2 Bh6 12. Be2 Nc6 13. Rb3 Qa5 14. c3 Qxa2 15. Nc4 Bf5 16. Rb2 Qa6 17. Nb6 Qa5 18. Nd5 Be4 19. Nb4 Bxg2 20. Rg1 Be4 21. h4 Rfe8 22. Bc4 Qc7 23. Qg4 Bf5 24. Qxf5 e6 25. Qg4 b6 26. Nxc6 bxc5 27. Ne5 cxd4 28. cxd4 Qa5+ 29. Ke2 Qc3 30. Rb7 Qc2+ 31. Kf3 f5 32. Qxg6+ 1-0

[Event "Medellin Antioquia 2nd League"]
[Site "Medellin"]
[Date "2021.??.??"]
[Round "2"]
[White "Robledo, Andres Mauricio"]
[Black "Luna Monsalve, Sofia"]
[Result "1-0"]
[WhiteElo "1979"]
[BlackElo "1240"]
[PlyCount "87"]
[EventDate "2021.08.31"]
[EventType "swiss"]
[EventRounds "7"]
[EventCountry "COL"]
[SourceTitle "CBM 204 Extra"]
[Source "ChessBase"]
[SourceDate "2021.11.30"]
[SourceVersion "1"]
[SourceVersionDate "2021.11.30"]
[SourceQuality "1"]

1. d4 d5 2. c4 e6 3. Nf3 Nf6 4. Nc3 Be7 5. Bg5 Nbd7 6. e3 b6 7. cxd5 exd5 8. Bd3 Bb7 9. 0-0 0-0 10. Qc2 h6 11. Bh4 c5 12. Rfd1 Re8 13. Bf5 Ne4 14. Bxe7 Qxe7 15. dxc5 Nxc3 16. Qxc3 bxc5 17. Bxd7 Qxd7 18. Qxc5 Rec8 19. Qa3 Rc2 20. Nd4 Rc4 21. b3 Rc3 22. Rac1 Rxc1 23. Rxc1 Rc8 24. h3 Rxc1+ 25. Qxc1 Qc8 26. Qxc8+ Bxc8 27. Nc6 Bd7 28. Ne7+ Kf8 29. Nxd5 Ke8 30. e4 Bc6 31. Nc3 Kd7 32. f4 Kd6 33. b4 g5 34. g3 Kc7 35. Kf2 Kb6 36. Ke3 a5 37. a3 gxf4+ 38. gxf4 axb4 39. axb4 Bd7 40. h4 Kc6 41. Kd4 f6 42. f5 Kd6 43. Nd5 Bc6 44. Nxf6 1-0

[Event "COL-ch U2300"]
[Site "Pereira"]
[Date "2019.03.24"]
[Round "6"]
[White "Corredor Rengifo, Luis Fernando"]
[Black "Robledo, Andres Mauricio"]
[Result "1/2-1/2"]
[WhiteElo "2135"]
[BlackElo "1980"]
[PlyCount "105"]
[EventDate "2019.03.21"]
[EventType "swiss"]
[EventRounds "9"]
[EventCountry "COL"]
[SourceTitle "CBM 189 Extra"]
[Source "ChessBase"]
[SourceDate "2019.06.03"]
[SourceVersion "1"]
[SourceVersionDate "2019.06.03"]
[SourceQuality "1"]

1. d4 Nf6 2. c4 g6 3. Nf3 Bg7 4. g3 0-0 5. Bg2 c5 6. d5 b5 7. cxb5 a6 8. bxa6 d6 9. Nc3 Bxa6 10. 0-0 Nbd7 11. Ne1 Ra7 12. h3 Qa8 13. Nc2 Rb8 14. Ne3 Nb6 15. Qc2 Nfd7 16. Rd1 Nc4 17. Rb1 Nxe3 18. Bxe3 Bc4 19. Qe4 Bxa2 20. Nxa2 Nf6 21. Qc4 Rxa2 22. b3 Rb4 23. Qd3 Nd7 24. Bd2 Rd4 25. Qe3 Nb6 26. Be1 Nxd5 27. Qg5 e6 28. b4 h6 29. Qc1 Rxd1 30. Qxd1 c4 31. e4 c3 32. Rc1 Nxb4 33. e5 d5 34. Bxc3 Nc6 35. Qe1 Qb8 36. Rb1 Qc7 37. f4 Qa7+ 38. Kh2 Bf8 39. Ra1 Rxa1 40. Qxa1 Qxa1 41. Bxa1 Bc5 42. Bf3 Na5 43. Kg2 Nb3 44. Bb2 Na5 45. h4 Kf8 46. h5 Nc4 47. Bc1 d4 48. hxg6 fxg6 49. Be4 Kf7 50. g4 Na5 51. f5 exf5 52. gxf5 gxf5 53. Bxf5 1/2-1/2

[Event "COL-chB U2000"]
[Site "Antioquia"]
[Date "2018.12.07"]
[Round "2"]
[White "Ramos Ariza, Juan Manuel"]
[Black "Robledo, Andres Mauricio"]
[Result "1-0"]
[WhiteElo "1920"]
[BlackElo "1997"]
[PlyCount "93"]
[EventDate "2018.12.06"]
[EventType "swiss"]
[EventRounds "7"]
[EventCountry "COL"]
[SourceTitle "CBM 190 Extra"]
[Source "ChessBase"]
[SourceDate "2019.07.15"]
[SourceVersion "1"]
[SourceVersionDate "2019.07.15"]
[SourceQuality "1"]

1. e4 Nf6 2. e5 Nd5 3. d4 d6 4. c4 Nb6 5. exd6 cxd6 6. Nc3 g6 7. Bg5 h6 8. Bh4 Bg7 9. f4 N8d7 10. Nf3 Nf6 11. Rc1 Bf5 12. Bd3 Bxd3 13. Qxd3 0-0 14. 0-0 Rc8 15. b3 Qd7 16. h3 Nh5 17. Qe4 e6 18. Qe3 Rfe8 19. g4 Nf6 20. Qd3 e5 21. Bxf6 Bxf6 22. Ne4 Bg7 23. dxe5 dxe5 24. Qxd7 Nxd7 25. Nd6 exf4 26. Nxe8 Rxe8 27. Rfe1 Rc8 28. Re7 Nc5 29. Rd1 Kf8 30. Re2 a5 31. Kg2 Ne6 32. Ne5 Ke8 33. Nxg6 fxg6 34. Rxe6+ Kf7 35. Red6 Be5 36. Rd7+ Ke6 37. Rxb7 Rc6 38. Kf3 h5 39. Ke4 hxg4 40. hxg4 Bc7 41. Rd5 a4 42. g5 Ke7 43. Ra5 axb3 44. axb3 Ke6 45. Raa7 f3 46. Rxc7 Rd6 47. Re7# 1-0

[Event "Medellin Flores op 25th"]
[Site "Medellin"]
[Date "2018.08.07"]
[Round "9"]
[White "Franco, William"]
[Black "Robledo, Andres Mauricio"]
[Result "1-0"]
[WhiteElo "2087"]
[BlackElo "2007"]
[PlyCount "59"]
[EventDate "2018.08.03"]
[EventType "swiss"]
[EventRounds "9"]
[EventCountry "COL"]
[SourceTitle "CBM 185 Extra"]
[Source "ChessBase"]
[SourceDate "2018.07.29"]
[SourceVersion "1"]
[SourceVersionDate "2018.07.29"]
[SourceQuality "1"]

1. c4 c5 2. Nf3 Nf6 3. g3 g6 4. Bg2 Bg7 5. d4 cxd4 6. Nxd4 Nc6 7. Nc3 0-0 8. Nc2 d6 9. 0-0 Be6 10. b3 d5 11. cxd5 Nxd5 12. Nxd5 Bxd5 13. Bxd5 Nb4 14. Nxb4 Bxa1 15. Bh6 Bg7 16. Bxg7 Kxg7 17. Bxb7 Rb8 18. Qxd8 Rbxd8 19. Nd3 Rd7 20. Ba6 Rd6 21. Bc4 g5 22. h3 h5 23. Kg2 h4 24. a4 f5 25. gxh4 gxh4 26. Kf3 Kf6 27. Nf4 Ke5 28. Rg1 Rff6 29. Nd3+ Kd4 30. Rc1 1-0

[Event "Medellin Flores op 25th"]
[Site "Medellin"]
[Date "2018.08.06"]
[Round "6"]
[White "Robledo, Andres Mauricio"]
[Black "Betancourt Giraldo, David Rogelio"]
[Result "0-1"]
[WhiteElo "2007"]
[BlackElo "2164"]
[PlyCount "89"]
[EventDate "2018.08.03"]
[EventType "swiss"]
[EventRounds "9"]
[EventCountry "COL"]
[SourceTitle "CBM 185 Extra"]
[Source "ChessBase"]
[SourceDate "2018.07.29"]
[SourceVersion "1"]
[SourceVersionDate "2018.07.29"]
[SourceQuality "1"]

1. d4 Nf6 2. c4 d6 3. Nc3 Nbd7 4. Nf3 e5 5. e4 Be7 6. d5 h6 7. h3 a5 8. a4 Nc5 9. Qc2 0-0 10. Be3 Na6 11. Be2 Nd7 12. g4 Ndc5 13. Ra3 Re8 14. Qd2 Bf8 15. g5 h5 16. g6 f5 17. Bg5 Be7 18. Bxe7 Qxe7 19. Ng5 f4 20. h4 Bg4 21. Rg1 Qf6 22. Bxg4 hxg4 23. Rxg4 Qxg6 24. f3 Qh6 25. Nd1 Nb4 26. Nf2 Re7 27. Ke2 Kf8 28. Ra1 Nb3 29. Qd1 Nxa1 30. Qxa1 Nc2 31. Qh1 Nd4+ 32. Kd1 c5 33. Qh3 Ke8 34. Rg2 Kd8 35. h5 Kc7 36. Ne6+ Nxe6 37. dxe6 Rh8 38. Rg6 Qxg6 39. Ng4 Rxh5 40. Nf2 Rxh3 41. Nxh3 Qxe6 42. Nxf4 Qd5+ 43. Nxd5+ Kd7 44. Nxe7 d5 45. Nxd5 0-1

[Event "American Continental 13th"]
[Site "Medellin"]
[Date "2017.06.18"]
[Round "11"]
[White "Robledo, Andres Mauricio"]
[Black "Prado, Leonardo"]
[Result "0-1"]
[WhiteElo "1942"]
[BlackElo "2140"]
[PlyCount "70"]
[EventDate "2017.06.10"]
[EventType "swiss"]
[EventRounds "11"]
[EventCountry "COL"]
[SourceTitle "CBM 178 Extra"]
[Source "ChessBase"]
[SourceDate "2017.06.22"]
[SourceVersion "1"]
[SourceVersionDate "2017.06.22"]
[SourceQuality "1"]

1. d4 Nf6 2. c4 e6 3. g3 c5 4. d5 exd5 5. cxd5 d6 6. Bg2 b5 7. Nf3 g6 8. 0-0 Bg7 9. Re1 0-0 10. e4 Bb7 11. Nbd2 Nbd7 12. Qb3 a6 13. a4 Qa5 14. Qe3 Rfe8 15. Nh4 Nxd5 16. Qb3 c4 17. Qd1 Nb4 18. Re2 Ne5 19. Nf1 Nbd3 20. f4 Ng4 21. Bf3 Qb6+ 22. Kg2 Nf6 23. Qc2 Nxe4 24. axb5 axb5 25. Rxa8 Bxa8 26. Be3 Qa5 27. Bd2 Qd8 28. Bc3 d5 29. Bxg7 Kxg7 30. Nd2 Nxf4+ 31. gxf4 Qxh4 32. Nxe4 dxe4 33. Bxe4 Rxe4 34. Rxe4 Qxf4 35. Qe2 Kg8 0-1

[Event "American Continental 13th"]
[Site "Medellin"]
[Date "2017.06.11"]
[Round "3"]
[White "Montilla Reyes, Jorcerys"]
[Black "Robledo, Andres Mauricio"]
[Result "1-0"]
[WhiteElo "2161"]
[BlackElo "1942"]
[PlyCount "64"]
[EventDate "2017.06.10"]
[EventType "swiss"]
[EventRounds "11"]
[EventCountry "COL"]
[SourceTitle "CBM 178 Extra"]
[Source "ChessBase"]
[SourceDate "2017.06.22"]
[SourceVersion "1"]
[SourceVersionDate "2017.06.22"]
[SourceQuality "1"]

1. d4 Nf6 2. c4 e6 3. Nc3 Bb4 4. e3 Bxc3+ 5. bxc3 d5 6. Nf3 0-0 7. Be2 c5 8. 0-0 dxc4 9. Bxc4 Qc7 10. Qe2 Nc6 11. e4 e5 12. d5 Na5 13. Bd3 c4 14. Bc2 b5 15. Ba3 Re8 16. Bb4 Nb7 17. a4 a5 18. axb5 Bd7 19. Ba3 Bxb5 20. Rfb1 Qd7 21. Rb2 Ba6 22. Rab1 Nd6 23. Qe3 Bc8 24. Rb6 Nb7 25. Nd2 Ng4 26. Qe2 f5 27. exf5 Nf6 28. Qxc4 Qxd5 29. Qxd5+ Nxd5 30. Bb3 Rd8 31. Rb5 Bxf5 32. Rxd5 Kh8 1-0

[Event "Antioquia op-B"]
[Site "Medellin"]
[Date "2017.04.30"]
[Round "6"]
[White "Robledo, Andres Mauricio"]
[Black "Caicedo, Carlos Andres"]
[Result "0-1"]
[WhiteElo "1967"]
[BlackElo "1902"]
[PlyCount "60"]
[EventDate "2017.04.27"]
[EventType "swiss"]
[EventRounds "7"]
[EventCountry "COL"]
[SourceTitle "EXT 2019"]
[Source "ChessBase"]
[SourceDate "2018.10.10"]
[SourceVersion "1"]
[SourceVersionDate "2018.10.10"]
[SourceQuality "1"]

1. d4 d5 2. c4 c6 3. cxd5 cxd5 4. Nc3 Nf6 5. Bf4 a6 6. e3 e6 7. Bd3 Bd6 8. Bxd6 Qxd6 9. f4 Nc6 10. Nf3 b5 11. a3 Bb7 12. 0-0 Rc8 13. Ne5 Ne7 14. g4 Ne4 15. Bxe4 dxe4 16. g5 Nf5 17. Qe1 0-0 18. Ng4 Rc7 19. h4 Kh8 20. Rc1 b4 21. axb4 Qxb4 22. Rc2 a5 23. Rh2 a4 24. Qd1 a3 25. Na2 Qe7 26. bxa3 Qxa3 27. Qd2 Rfc8 28. Nb4 Rc3 29. Rb1 Nxe3 30. Nxe3 Rxe3 0-1